00653nam a2200205Ia 4500001000700000003000500007008004100012010001100053040000900064082001700073100001600090245016600106260005200272300001900324440000500343500000500348503000500353650003100358650005800389Z_4733CHAP220113s1975 xx 000 0 und d a167782 cCHAP a636.0824 H65 aHoly, Lubos aBiología de la reproducción bovina : introducción al proceso del examen de fertilidad de la hembra y del macho /cpor Lubos Holy y G. Martínez Jústiz aLa Habana :bInstituto Cubano del Libro,c1975 a454 p. ; ilus. a a a aGanado vacunoxFecundidad  aReproducción animal I. Martínez Jústiz, G II. t